Ragazzi che amano ragazzi /
Saved in:
| 主要作者: | |
|---|---|
| 格式: | 圖書 |
| 語言: | 意大利语 |
| 出版: |
Milano :
Feltrinelli,
1992
|
| 版: | 2. ed |
| 叢編: | Universale economica ;
1211 |
| 標簽: |
沒有標簽, 成為第一個標記此記錄!
|
MARC
| LEADER | 00000nam a22000007i 4500 | ||
|---|---|---|---|
| 001 | IT\ICCU\UM1\0035025 | ||
| 003 | ItRI | ||
| 005 | 20250902143026.0 | ||
| 008 | 990609s1992 it |||||| ||||| |||||c | ||
| 020 | |a 8807812118 | ||
| 040 | |b ita |c ct | ||
| 041 | 7 | |a ita |2 ISO-639-2 | |
| 100 | 1 | |a Paterlini, Piergiorgio |0 IT\ICCU\CFIV\048288 |4 aut | |
| 245 | 1 | 0 | |a Ragazzi che amano ragazzi / |c Piergiorgio Paterlini. |
| 250 | |a 2. ed | ||
| 260 | |a Milano : |b Feltrinelli, |c 1992 | ||
| 300 | |a 125 p. ; |c 20 cm. | ||
| 830 | 0 | |a Universale economica ; |v 1211 |0 IT\ICCU\CFI\0001103 | |
| 942 | |2 ddc |c BK | ||
| 952 | |0 0 |1 0 |2 ddc |4 0 |6 LNR_03PATPIRAG13 |7 0 |9 5354 |a MI |b MI |d 2006-03-31 |i 4239 |l 0 |o LNR03-PATPI-RAG13 |p CDOM4239 |r 2025-07-13 16:27:00 |w 2025-07-13 |x ACQUISTO |y BK | ||
| 952 | |0 0 |1 0 |2 ddc |4 0 |6 LNR_03PATPIRAG11 |7 1 |9 5355 |a MI |b MI |d 2003-04-02 |i 4706 |l 0 |o LNR03-PATPI-RAG11 |p CDOM4706 |r 2025-07-13 16:27:00 |w 2025-07-13 |x DONO |y BK | ||
| 952 | |0 0 |1 0 |2 ddc |4 0 |6 LNR_03PATPIRAG12 |7 0 |9 5356 |a MI |b MI |d 2010-03-17 |i 5950 |l 0 |o LNR03-PATPI-RAG12 |p CDOM5950 |r 2025-07-13 16:27:00 |w 2025-07-13 |x DONO |y BK | ||
| 952 | |0 0 |1 0 |2 ddc |4 0 |6 LNR_03PATPIRAG14 |7 0 |9 5357 |a MI |b MI |d 2013-07-19 |i 3349 |l 0 |o LNR03-PATPI-RAG14 |p CDOM3349 |r 2025-07-13 16:27:00 |w 2025-07-13 |x DONO |y BK | ||
| 952 | |0 0 |1 0 |2 ddc |4 0 |6 LNR_03PATPIRAG15 |7 0 |9 5358 |a MI |b MI |d 2013-07-19 |i 3975 |l 0 |o LNR03-PATPI-RAG15 |p CDOM3975 |r 2025-07-13 16:27:00 |w 2025-07-13 |x DONO |y BK | ||
| 981 | 1 | |6 z01 |a i |b xxxe | |
| 982 | 1 | |6 z01 |a n | |
| 999 | |c 4274 |d 4274 | ||